000
00306nam a2200133Ia 4500
005
20251222143246.0
008
251222s9999||||xx |||||||||||||| ||spa||
020
_a
88-86440-69-3
082
_a
458.61/F75M
100
_a
Forapani, Daniela
245
0
_a
Italiano per Medici
264
_b
Alma
942
_c
LIB
999
_c
14762
_d
14762